Cartoon Opening Themes Quiz Stats

 Plays Quiz Updated Nov 15, 2018

Score 0/100 Timer 20:00
4 Plays Today
Time Show % Correct
0:00-0:05SpongeBob SquarePants
97.5%
1:45-1:49Looney Tunes
67.6%
1:16-1:22Teenage Mutant Ninja Turtles
62.2%
0:22-0:27Futurama
57.7%
7:52-7:58Family Guy
52%
0:43-0:48Hey Arnold!
50.4%
0:17-0:22Arthur
50.3%
6:49-6:55The Flintstones
49.5%
6:44-6:49Pokémon
46.1%
3:09-3:14The Smurfs
44.9%
2:59-3:03Inspector Gadget
43.4%
7:18-7:22Pinky and The Brain
41%
3:53-3:57Batman: The Animated Series
39.5%
8:31-8:36Kim Possible
38.8%
6:13-6:20Powerpuff Girls
38%
8:21-8:26He-Man and the Masters of the Universe
37.4%
2:16-2:22Danny Phantom
34.2%
9:18-9:24Captain Planet and the Planeteers
33.3%
0:05-0:12Garfield and Friends
27.7%
6:20-6:26Tiny Toon Adventures
27.5%
5:17-5:23Spider-Man: The Animated Series
27.1%
6:26-6:32The Woody Woodpecker Show
26.8%
1:34-1:40Angry Beavers
26%
1:05-1:10Pepper Ann
25.8%
1:00-1:05Darkwing Duck
23.8%
6:38-6:44Chip 'n Dale Rescue Rangers
22.6%
8:54-9:00Top Cat
22.3%
2:06-2:10Samurai Jack
21.4%
1:10-1:16Jackie Chan Adventures
18.9%
0:38-0:43Alvin and the Chipmunks
18.6%
2:40-2:47Daria
18.6%
4:43-4:48Cow & Chicken
17.7%
0:48-0:54Justice League
17.6%
8:43-8:48Foster's Home for Imaginary Friends
17.3%
Time Show % Correct
4:26-4:31Avatar: The Last Airbender
17%
8:36-8:43Adventures of the Gummi Bears
16.5%
7:58-8:02Jem and the Holograms
15.5%
5:23-5:28Aqua Teen Hunger Force
15.2%
6:07-6:13American Dragon: Jake Long
15%
7:47-7:52Fat Albert and the Cosby Kids
14.9%
7:22-7:28G.I. Joe: A Real American Hero
14.8%
6:03-6:07Codename: Kids Next Door
14.3%
8:02-8:08My Little Pony
12.9%
2:34-2:40Count Duckula
12.8%
3:23-3:29Ghostbusters (Filmation)
12.6%
1:28-1:34Taz-Mania
12.3%
3:40-3:47Metalocalypse
12.2%
7:40-7:47Snorks
12.2%
7:12-7:18The Grim Adventures of Billy & Mandy
11.9%
3:47-3:53The Real Adventures of Jonny Quest
11.3%
7:06-7:12Total Drama Island
10.9%
3:29-3:35Static Shock
10.8%
1:55-2:00Pound Puppies
10.7%
4:31-4:36Hong Kong Phooey
10%
8:48-8:54Bonkers
7.6%
8:14-8:21Dungeons & Dragons
6.8%
4:02-4:08Berenstain Bears
6.6%
4:59-5:05The Critic
6.2%
5:51-5:57X-Men: Evolution
6%
3:18-3:23Home Movies
5.6%
4:20-4:26The Adventures of Tintin
5.5%
5:05-5:11The Venture Bros.
5.3%
2:22-2:27W.I.T.C.H.
5.3%
8:26-8-31Bananaman
5.2%
1:22-1:28The World of David the Gnome
4.8%
3:35-3:40Biker Mice From Mars
4.3%
5:57-6:03Clone High
4.2%
3:14-3:18The Charlie Brown and Snoopy Show
3.9%
Time Show % Correct
9:00-9:06Scooby's All-Star Laff-A-Lympics
3.9%
2:47-2:53Mummies Alive!
3.4%
6:32-6:38Bucky O'Hare and the Toad Menace
3.3%
5:42-5:47Help!...It's the Hair Bear Bunch!
2.9%
0:54-1:00Silverhawks
2.9%
3:57-4:02Challenge of the GoBots
2.9%
2:00-2:06Redwall
2.8%
8:08-8:14The Herculoids
2.8%
0:27-0:32Ruby Gloom
2.8%
4:08-4:14The Littles
2.7%
5:37-5:42Defenders of the Earth
2.5%
1:49-1:55Mysterious Cities of Gold
2.4%
6:55-7:01King Arthur & the Knights of Justice
2.3%
4:48-4:53Duckman: Private Dick/Family Man
2.3%
4:53-4:59The Brak Show
2.3%
7:35-7:40Dinosaucers
2.3%
2:27-2:34Bionic Six
2.1%
0:12-0:17 Beverly Hills Teens
2.1%
5:28-5:37Jayce and the Wheeled Warriors
2.1%
2:10-2:16Mister T
2%
1:40-1:45Bod
2%
9:12-9:18Centurions: Power Xtreme
2%
2:53-2:59The Bots Master
1.8%
3:03-3:09The Get Along Gang
1.6%
5:47-5:51Galaxy High
1.4%
9:06-9:12Exosquad
1.4%
7:28-7:35Sam & Max: Freelance Police!!!
1.2%
0:32-0:38Tenko and the Guardians of the Magic
1.1%
4:36-4:43The Biskitts
1.1%
7:01-7:06Saber Rider and the Star Sheriffs
1%
5:11-5:17Galtar and the Golden Lance
0.7%
4:14-4:20Sectaurs: Warriors of Symbion
0.5%

You're not logged in!

Compare scores with friends on all Sporcle quizzes.
OR
Log In

Show Comments

Extras

Top Quizzes Today


Score Distribution

Your Account Isn't Verified!

In order to create a playlist on Sporcle, you need to verify the email address you used during registration. Go to your Sporcle Settings to finish the process.

Report this User

Report this user for behavior that violates our Community Guidelines.

Details: